000 00735nam a2200241 a 4500
005 20240924064132.0
008 991125s1980 mx 000 0 spa u
020 _a9684291655
035 _aUPN01000002700
040 _aUPN
_bspa
_cUPN
049 _aCG
050 4 _aLA422
_bL3.2
100 1 _aLatapí, Pablo,
_d1927-2009
_928858
245 1 0 _aAnálisis de un sexenio de educación en México, 1970-1976 /
_cPablo Latapí.
260 _aMéxico :
_bNueva Imagen,
_c1980.
300 _a256 p., [1] h. pleg.
440 0 _aEducación
590 _a(También localizas un ejemplar en el "Area de Reserva")
590 _aBibliografía Básica (BGTQ)
650 4 _aEducación
_zMéxico
_95405
905 _aLibro
942 _2lcc
_cLIBRO
999 _c2700
_d2700